[Event "Mataro op 12th"]
[Site "Mataro"]
[Date "2015.11.28"]
[Round "9.11"]
[White "Moriche Vivas, Carlos"]
[Black "Ventura Vives, Pere"]
[Result "1-0"]
[WhiteElo "1760"]
[BlackElo "1704"]
[PlyCount "143"]
[EventDate "2015.10.03"]
[EventType "swiss"]
[EventRounds "9"]
[EventCountry "ESP"]
[SourceTitle "EXT 2024"]
[Source "ChessBase"]
[SourceDate "2023.10.10"]
[SourceVersion "1"]
[SourceVersionDate "2023.10.10"]
[SourceQuality "1"]

1. e4 e5 2. Nf3 d6 3. Nc3 Bg4 4. Bc4 Be7 5. d3 Nf6 6. 0-0 0-0 7. Be3 Nbd7 8. h3 Be6 9. Bb3 Bxb3 10. axb3 a6 11. Nh4 Ne8 12. Nf5 Bg5 13. Qg4 h6 14. Nxh6+ Bxh6 15. Bxh6 Ndf6 16. Qg3 Nh5 17. Qg4 Nhf6 18. Qg5 Kh7 19. Nd5 gxh6 20. Nxf6+ Nxf6 21. Qf5+ Kg8 22. f4 Nh7 23. Rf3 Qf6 24. Qxf6 Nxf6 25. fxe5 Nd7 26. exd6 cxd6 27. Ra5 Rac8 28. Rh5 Kh7 29. Rhf5 f6 30. c4 Rc5 31. R5f4 Rg5 32. b4 Rfg8 33. Rf2 Rg3 34. R4f3 Rxf3 35. Rxf3 b5 36. Rf5 Rg5 37. Kf2 Rxf5+ 38. exf5 bxc4 39. dxc4 Nb6 40. c5 dxc5 41. bxc5 Nd5 42. Ke2 Kg7 43. Kd3 Kf7 44. Kd4 Nc7 45. c6 Ke7 46. Kc5 Ne8 47. b4 Nd6 48. Kb6 Kd8 49. Kxa6 Kc7 50. b5 Nc8 51. g4 Nd6 52. h4 Ne8 53. g5 fxg5 54. hxg5 hxg5 55. f6 Nd6 56. f7 Nxf7 57. b6+ Kxc6 58. b7 Kc7 59. Ka7 Kc6 60. b8Q Nd6 61. Qg8 Ne4 62. Qe6+ Nd6 63. Qg6 Kc7 64. Qxg5 Nc8+ 65. Ka6 Kd7 66. Qf6 Nd6 67. Kb6 Nc8+ 68. Kc5 Kc7 69. Qc6+ Kb8 70. Qd7 Na7 71. Kb6 Nc8+ 72. Ka6 1-0